| 000 | 00460nam a2200157 4500 | ||
|---|---|---|---|
| 001 | 131386 | ||
| 003 | ES-MaACL | ||
| 005 | 20230906193953.0 | ||
| 007 | t| | ||
| 008 | 070214s1973 sp r ||||1| cat d | ||
| 100 | 1 |
_aRoca, Antonio. _997969 |
|
| 245 | 1 | 0 |
_aTot feut memoria / _crecords del dibuixant caricaturista, barceloni Antoni Roca. |
| 260 |
_aBarcelona : _bMilla, _c1973. |
||
| 300 |
_a162 p. : _bil. ; _c16 cm. |
||
| 852 |
_aES-MaACL _jC-54488 _bR.87244 |
||
| 999 |
_c131386 _d131386 |
||